000 00534nam a22001937a 4500
999 _c6503
_d6503
003 OSt
005 20200128163636.0
008 160427b xxu||||| |||| 00| 0 eng d
020 _a0226437248
040 _cDDC.
082 _a599.09676 KIN1982
100 _aKingdon,Jonathan;
_98361
245 _aEast African Mammals.
_bAn Atlas of Evolution in Africa.
260 _aChicago.
_bUniversity of Chicago Press.
_c1982.
300 _a393p;p;
_bill;
_c30cm.
504 _aincludes index.
650 _aBovids
_98362
942 _2ddc
_cO_SHELF